000 00660nam a2200229Ia 4500
003 OSt
005 20220926012803.0
006 a|||||r|||| 00| 0
007 ta
008 220923b |||||||| |||| 00| 0 eng d
037 _cGeneral Book
040 _aRTL
_cRTL
_beng
041 _2eng
_aeng
082 _aX:89K.73.N, L2/TD
100 _aHansen Niles M Ed.
_9248037
245 0 _aGrowth centres in regional economic development
260 _aNew York
_bFree Press USA
_c1972
300 _axv, 298p
_ccm.
650 _aRegional Economics
942 _hX:89K.73.N, L2/TD
_cGB
_2CC
999 _c624336
_d624336